LIBRARY & INFORMATION CENTRE, KCAET, TAVANUR

ONLINE PUBLIC ACCESS CATALOGUE (OPAC)

Rcent advances in irrigation water management (Record no. 13965)

MARC details
000 -LEADER
fixed length control field 00284nam a22001097a 4500
020 ## - INTERNATIONAL STANDARD BOOK NUMBER
ISBN 9789327217193
082 ## - DEWEY DECIMAL CLASSIFICATION NUMBER
Classification number 627.52
Item number PAL/RE
100 ## - MAIN ENTRY--AUTHOR NAME
Personal name Pal, Mahendra Singh
245 ## - TITLE STATEMENT
Title Rcent advances in irrigation water management
260 ## - PUBLICATION, DISTRIBUTION, ETC. (IMPRINT)
Place of publication Ludhiana
Name of publisher Kalyani publishers
Year of publication 2012
942 ## - ADDED ENTRY ELEMENTS (KOHA)
Koha item type Books
Holdings
Withdrawn status Lost status Damaged status Collection code Home library Current library Shelving location Date acquired Source of acquisition Cost, normal purchase price Full call number Accession Number Koha item type
      Non-fiction KAUAET KAUAET General Stacks 30/03/2013 Neoti Book Agency 350.00 627.52 PAL/RE 23888 Books
free website counter